{"text_format":"3","workbook":"xlsx","n_sheets":1,"sheets":["t569"],"read":"whole","date_system":"1900"}

{"sheet":"t569","index":0,"n_rows":159,"n_cols":7,"rows_kept":159,"merged":[[0,0,0,6],[28,0,28,5],[39,0,39,5],[140,0,140,5]]}
["TABELA 569.1 - Estatísticas Agrícolas, Município de Serrana, Estado de São Paulo, 2016/17."]
["ITEM","UNIDADE","N.DE UPAs","MÍNIMO","MÉDIO","MÁXIMO","TOTAL"]
["Distância à sede do município","km",67,{"v":1,"d":"1.0"},{"v":4.95,"d":"5.0"},{"v":20,"d":"20.0"},"-"]
["Área total","hectare",67,{"v":2,"d":"2.0"},{"v":148.95,"d":"149.0"},{"v":2226.3,"d":"2,226.3"},{"v":9979.5,"d":"9,979.5"}]
["Área com cultura perene","hectare",2,9.3,74.4,139.5,148.8]
["Área com cultura temporária","hectare",65,{"v":1,"d":"1.0"},{"v":115.28,"d":"115.3"},{"v":1733.3,"d":"1,733.3"},{"v":7493.3,"d":"7,493.3"}]
["Área com pastagem","hectare",24,{"v":1,"d":"1.0"},{"v":15.79,"d":"15.8"},81.2,378.9]
["Área com reflorestamento","hectare",6,0.6,{"v":10.47,"d":"10.5"},24.1,62.8]
["Área com vegetação natural","hectare",35,0.1,{"v":30.88,"d":"30.9"},296.4,{"v":1080.73,"d":"1,080.7"}]
["Área com vegetação de brejo e várzea","hectare",16,0.8,{"v":5.88,"d":"5.9"},13.5,{"v":94,"d":"94.0"}]
["Área em descanso","hectare",2,{"v":10,"d":"10.0"},14.4,18.8,28.8]
["Área complementar","hectare",47,0.1,{"v":14.73,"d":"14.7"},375.1,{"v":692.17,"d":"692.2"}]
["Área das UPAs com (0, 1] ha","hectare","-","-","-","-","-"]
["Área das UPAs com (1, 2] ha","hectare",1,{"v":2,"d":"2.0"},{"v":2,"d":"2.0"},{"v":2,"d":"2.0"},{"v":2,"d":"2.0"}]
["Área das UPAs com (2, 5] ha","hectare",3,2.4,{"v":4.07,"d":"4.1"},{"v":5,"d":"5.0"},12.2]
["Área das UPAs com (5, 10] ha","hectare",6,5.4,7.1,9.6,42.6]
["Área das UPAs com (10, 20] ha","hectare",14,10.2,{"v":15.94,"d":"15.9"},19.3,223.2]
["Área das UPAs com (20, 50] ha","hectare",14,21.8,{"v":30.14,"d":"30.1"},44.2,{"v":422,"d":"422.0"}]
["Área das UPAs com (50, 100] ha","hectare",13,52.2,{"v":75.05,"d":"75.1"},{"v":100,"d":"100.0"},975.7]
["Área das UPAs com (100, 200] ha","hectare",4,115.6,{"v":143.33,"d":"143.3"},{"v":200,"d":"200.0"},573.3]
["Área das UPAs com (200, 500] ha","hectare",7,208.5,{"v":294.96,"d":"295.0"},396.6,{"v":2064.7,"d":"2,064.7"}]
["Área das UPAs com (500, 1.000] ha","hectare",2,606.4,{"v":630.55,"d":"630.6"},654.7,{"v":1261.1,"d":"1,261.1"}]
["Área das UPAs com (1.000, 2.000] ha","hectare",2,{"v":1044.7,"d":"1,044.7"},{"v":1088.2,"d":"1,088.2"},{"v":1131.7,"d":"1,131.7"},{"v":2176.4,"d":"2,176.4"}]
["Área das UPAs com (2.000, 5.000] ha","hectare",1,{"v":2226.3,"d":"2,226.3"},{"v":2226.3,"d":"2,226.3"},{"v":2226.3,"d":"2,226.3"},{"v":2226.3,"d":"2,226.3"}]
["Área das UPAs com (5.000, 10.000] ha","hectare","-","-","-","-","-"]
["Área das UPAs acima de 10.000 ha","hectare","-","-","-","-","-"]
["Fonte: Secretaria de Agricultura e Abastecimento, CDRS/IEA, Projeto LUPA."]
[]
["TABELA 569.2 - Explorações Animais, Município de Serrana, Estado de São Paulo, 2016/17."]
["ITEM","UNIDADE","N.DE UPAs","MÍNIMO","MÉDIO","MÁXIMO","TOTAL"]
["Bovinocultura de corte","cabecas",10,{"v":3,"d":"3.0"},60.8,{"v":324,"d":"324.0"},{"v":608,"d":"608.0"}]
["Bovinocultura leiteira","cabecas",6,{"v":2,"d":"2.0"},10.5,{"v":28,"d":"28.0"},{"v":63,"d":"63.0"}]
["Bovinocultura mista","cabecas",4,{"v":5,"d":"5.0"},27.5,{"v":65,"d":"65.0"},{"v":110,"d":"110.0"}]
["Caprinocultura","cabecas",1,{"v":2,"d":"2.0"},{"v":2,"d":"2.0"},{"v":2,"d":"2.0"},{"v":2,"d":"2.0"}]
["Equinocultura","cabecas",10,{"v":1,"d":"1.0"},3.1,{"v":8,"d":"8.0"},{"v":31,"d":"31.0"}]
["Ovinocultura","cabecas",2,{"v":15,"d":"15.0"},{"v":20,"d":"20.0"},{"v":25,"d":"25.0"},{"v":40,"d":"40.0"}]
["Suinocultura","cabecas",2,{"v":8,"d":"8.0"},{"v":14,"d":"14.0"},{"v":20,"d":"20.0"},{"v":28,"d":"28.0"}]
["Fonte: Secretaria de Agricultura e Abastecimento, CDRS/IEA, Projeto LUPA."]
[]
["TABELA 569.3 -  Máquinas, Implementos e Benfeitorias, Município de Serrana, Estado de São Paulo, 2016/17."]
["ITEM","UNIDADE","N.DE UPAs","MÍNIMO","MÉDIO","MÁXIMO","TOTAL"]
["Arado comum (bacia, aiveca)","unidade",4,{"v":1,"d":"1.0"},2.5,{"v":6,"d":"6.0"},{"v":10,"d":"10.0"}]
["Arado escarificador","unidade",8,{"v":1,"d":"1.0"},2.5,{"v":12,"d":"12.0"},{"v":20,"d":"20.0"}]
["Arado subsolador","unidade",4,{"v":1,"d":"1.0"},4.5,{"v":13,"d":"13.0"},{"v":18,"d":"18.0"}]
["Carregadeira de cana","unidade",6,{"v":1,"d":"1.0"},{"v":5.67,"d":"5.7"},{"v":25,"d":"25.0"},{"v":34,"d":"34.0"}]
["Carreta de trator","unidade",1,{"v":1,"d":"1.0"},{"v":1,"d":"1.0"},{"v":1,"d":"1.0"},{"v":1,"d":"1.0"}]
["Colhedeira automotriz","unidade",2,{"v":5,"d":"5.0"},12.5,{"v":20,"d":"20.0"},{"v":25,"d":"25.0"}]
["Computador","unidade",1,{"v":2,"d":"2.0"},{"v":2,"d":"2.0"},{"v":2,"d":"2.0"},{"v":2,"d":"2.0"}]
["Conj.irrigacao autopropelido","unidade",1,{"v":20,"d":"20.0"},{"v":20,"d":"20.0"},{"v":20,"d":"20.0"},{"v":20,"d":"20.0"}]
["Conj.irrigacao pivot central","unidade",1,{"v":1,"d":"1.0"},{"v":1,"d":"1.0"},{"v":1,"d":"1.0"},{"v":1,"d":"1.0"}]
["Conj.irrigacao/gotejamento/microaspersao","unidade",1,{"v":1,"d":"1.0"},{"v":1,"d":"1.0"},{"v":1,"d":"1.0"},{"v":1,"d":"1.0"}]
["Conjunto de fenacao","unidade",1,{"v":1,"d":"1.0"},{"v":1,"d":"1.0"},{"v":1,"d":"1.0"},{"v":1,"d":"1.0"}]
["Desintegrador, picador, triturador","unidade",11,{"v":1,"d":"1.0"},{"v":1,"d":"1.0"},{"v":1,"d":"1.0"},{"v":11,"d":"11.0"}]
["Distribuidor de calcario","unidade",1,{"v":2,"d":"2.0"},{"v":2,"d":"2.0"},{"v":2,"d":"2.0"},{"v":2,"d":"2.0"}]
["Ensiladeira","unidade",4,{"v":1,"d":"1.0"},{"v":1,"d":"1.0"},{"v":1,"d":"1.0"},{"v":4,"d":"4.0"}]
["Grade aradora (tipo romi)","unidade",4,{"v":1,"d":"1.0"},{"v":1,"d":"1.0"},{"v":1,"d":"1.0"},{"v":4,"d":"4.0"}]
["Grade niveladora","unidade",10,{"v":1,"d":"1.0"},1.4,{"v":3,"d":"3.0"},{"v":14,"d":"14.0"}]
["Implementos para tracao animal","unidade",1,{"v":1,"d":"1.0"},{"v":1,"d":"1.0"},{"v":1,"d":"1.0"},{"v":1,"d":"1.0"}]
["Pulverizador tratorizado","unidade",5,{"v":1,"d":"1.0"},5.2,{"v":20,"d":"20.0"},{"v":26,"d":"26.0"}]
["Roçadora","unidade",1,{"v":2,"d":"2.0"},{"v":2,"d":"2.0"},{"v":2,"d":"2.0"},{"v":2,"d":"2.0"}]
["Semeadeira/adubadeira para plantio convencional","unidade",3,{"v":1,"d":"1.0"},{"v":3.67,"d":"3.7"},{"v":9,"d":"9.0"},{"v":11,"d":"11.0"}]
["Semeadeira/plantadeira plantio direto","unidade",1,{"v":1,"d":"1.0"},{"v":1,"d":"1.0"},{"v":1,"d":"1.0"},{"v":1,"d":"1.0"}]
["Terraceador","unidade",1,{"v":1,"d":"1.0"},{"v":1,"d":"1.0"},{"v":1,"d":"1.0"},{"v":1,"d":"1.0"}]
["Trator de esteiras","unidade",1,{"v":10,"d":"10.0"},{"v":10,"d":"10.0"},{"v":10,"d":"10.0"},{"v":10,"d":"10.0"}]
["Trator de pneus  acima de 85 cv","unidade",5,{"v":1,"d":"1.0"},10.8,{"v":40,"d":"40.0"},{"v":54,"d":"54.0"}]
["Trator de pneus até 65 cv","unidade",6,{"v":1,"d":"1.0"},{"v":1,"d":"1.0"},{"v":1,"d":"1.0"},{"v":6,"d":"6.0"}]
["Trator de pneus de 66 cv a 85 cv","unidade",3,{"v":1,"d":"1.0"},{"v":1.67,"d":"1.7"},{"v":3,"d":"3.0"},{"v":5,"d":"5.0"}]
["Acude/represa","unidade",2,{"v":2,"d":"2.0"},2.5,{"v":3,"d":"3.0"},{"v":5,"d":"5.0"}]
["Almoxarifado/oficina","unidade",3,{"v":1,"d":"1.0"},{"v":1,"d":"1.0"},{"v":1,"d":"1.0"},{"v":3,"d":"3.0"}]
["Armazem para graos ensacados","sacas",3]
["Balanca para veiculos","unidade",1,{"v":1,"d":"1.0"},{"v":1,"d":"1.0"},{"v":1,"d":"1.0"},{"v":1,"d":"1.0"}]
["Barracao/galpao/garagem","unidade",12,{"v":1,"d":"1.0"},{"v":1.33,"d":"1.3"},{"v":4,"d":"4.0"},{"v":16,"d":"16.0"}]
["Casa de moradia habitada","unidade",29,{"v":1,"d":"1.0"},3.9,{"v":50,"d":"50.0"},{"v":113,"d":"113.0"}]
["Casa de moradia total","unidade",34,{"v":1,"d":"1.0"},{"v":4.74,"d":"4.7"},{"v":50,"d":"50.0"},{"v":161,"d":"161.0"}]
["Curral/mangueira","unidade",16,{"v":1,"d":"1.0"},{"v":1,"d":"1.0"},{"v":1,"d":"1.0"},{"v":16,"d":"16.0"}]
["Deposito/tulha","unidade",15,{"v":1,"d":"1.0"},{"v":1.07,"d":"1.1"},{"v":2,"d":"2.0"},{"v":16,"d":"16.0"}]
["Estabulo","unidade",3,{"v":1,"d":"1.0"},{"v":1.33,"d":"1.3"},{"v":2,"d":"2.0"},{"v":4,"d":"4.0"}]
["Instalacoes para equinos","unidade",3,{"v":1,"d":"1.0"},{"v":5.33,"d":"5.3"},{"v":9,"d":"9.0"},{"v":16,"d":"16.0"}]
["Maquina de beneficio","unidade",1,{"v":1,"d":"1.0"},{"v":1,"d":"1.0"},{"v":1,"d":"1.0"},{"v":1,"d":"1.0"}]
["Olaria","unidade",1,{"v":1,"d":"1.0"},{"v":1,"d":"1.0"},{"v":1,"d":"1.0"},{"v":1,"d":"1.0"}]
["Packing house","unidade",2,{"v":1,"d":"1.0"},{"v":1,"d":"1.0"},{"v":1,"d":"1.0"},{"v":2,"d":"2.0"}]
["Pocilga","unidade",2,{"v":1,"d":"1.0"},{"v":1,"d":"1.0"},{"v":1,"d":"1.0"},{"v":2,"d":"2.0"}]
["Poco semi-artesiano","unidade",2,{"v":1,"d":"1.0"},{"v":1,"d":"1.0"},{"v":1,"d":"1.0"},{"v":2,"d":"2.0"}]
["Secador de graos","unidade",2,{"v":1,"d":"1.0"},{"v":1,"d":"1.0"},{"v":1,"d":"1.0"},{"v":2,"d":"2.0"}]
["Silo para graos","ton",3]
["Terreiro","m2",2]
["Fonte: Secretaria de Agricultura e Abastecimento, CDRS/IEA, Projeto LUPA."]
[]
["TABELA 569.4 - Outras Estatísticas Agrícolas, Município de Serrana, Estado de São Paulo, 2016/17."]
["ITEM","Número de UPAs",null,"Percentual"]
["Faz Parte de Associação de Produtores",30,null,{"v":44.776119402985074,"d":"44.8"}]
["Faz Parte de Cooperativa de Produtores",41,null,{"v":61.19402985074627,"d":"61.2"}]
["Faz Parte do Sindicato de Produtores",15,null,{"v":22.388059701492537,"d":"22.4"}]
["Não utiliza assistência técnica ",2,null,{"v":2.985074626865672,"d":"3.0"}]
["Utiliza somente assistência técnica governamental ",1,null,{"v":1.492537313432836,"d":"1.5"}]
["Utiliza somente assistência técnica privada ",37,null,{"v":55.223880597014926,"d":"55.2"}]
["Utiliza assistência técnica tanto governamental quanto privada",27,null,{"v":40.298507462686565,"d":"40.3"}]
["Utiliza Crédito Rural",23,null,{"v":34.32835820895522,"d":"34.3"}]
["Utiliza Seguro Rural",3,null,{"v":4.477611940298508,"d":"4.5"}]
["Utiliza Escrituração Agrícola",66,null,{"v":98.50746268656717,"d":"98.5"}]
["Acessa Internet p/ Fins na Agropecuária",37,null,{"v":55.223880597014926,"d":"55.2"}]
["Utiliza Computador nas Atividades Agropecuárias",38,null,{"v":56.71641791044777,"d":"56.7"}]
["Utiliza Energia Elétrica Para Uso na Atividade Agrícola",36,null,{"v":53.731343283582085,"d":"53.7"}]
["Utiliza Energia Alternativa","-",null,"-"]
["Realiza Análise de Solo, quando necessário",66,null,{"v":98.50746268656717,"d":"98.5"}]
["Realiza Calagem",60,null,{"v":89.55223880597015,"d":"89.6"}]
["Utiliza Práticas de Conservação de Solo, quando necessário",67,null,{"v":100,"d":"100.0"}]
["Faz Adubação Mineral, quando necessário",65,null,{"v":97.01492537313432,"d":"97.0"}]
["Faz Adubação Orgânica, quando necessário",18,null,{"v":26.865671641791042,"d":"26.9"}]
["Faz Adubação Verde, quando necessário",15,null,{"v":22.388059701492537,"d":"22.4"}]
["Utiliza Manejo Integrado de Pragas (MIP)",12,null,{"v":17.91044776119403,"d":"17.9"}]
["Utiliza Hidroponia","-",null,"-"]
["Utiliza Cultivo em Estufa",1,null,{"v":1.492537313432836,"d":"1.5"}]
["Utiliza Mudas Fiscalizadas",61,null,{"v":91.04477611940298,"d":"91.0"}]
["Utiliza Semente Melhorada",23,null,{"v":34.32835820895522,"d":"34.3"}]
["Faz Confinamento de Bovinos",3,null,{"v":4.477611940298508,"d":"4.5"}]
["Utiliza Pastejo Intensivo",1,null,{"v":1.492537313432836,"d":"1.5"}]
["Faz Inseminação Artificial",2,null,{"v":2.985074626865672,"d":"3.0"}]
["Faz Mineralização do Rebanho",20,null,{"v":29.850746268656717,"d":"29.9"}]
["Faz Vermifugação do Rebanho",20,null,{"v":29.850746268656717,"d":"29.9"}]
["Possui Parceiros /Arrendatários na Exploração Animal",22,null,{"v":32.83582089552239,"d":"32.8"}]
["Existência de trabalhadores c/ deficiência na UPA","-",null,"-"]
["Esporte e lazer","-",null,"-"]
["Extração mineral","-",null,"-"]
["Hotel Fazenda, Pousada ou SPA","-",null,"-"]
["Pesque-pague","-",null,"-"]
["Restaurante ou Lanchonete","-",null,"-"]
["Transformação artesanal","-",null,"-"]
["Turismo rural ou ecoturismo","-",null,"-"]
["Outras atividades econômicas rurais","-",null,"-"]
["Agroindústria","-",null,"-"]
["Proprietário sem instrução ou com instrução incompleta","-",null,"-"]
["Proprietário com antigo primário completo",19,null,{"v":28.358208955223883,"d":"28.4"}]
["Proprietário com 1° grau (ou antigo ginasial) completo",2,null,{"v":2.985074626865672,"d":"3.0"}]
["Proprietário com 2° grau (ou antigo colegial) completo",8,null,{"v":11.940298507462686,"d":"11.9"}]
["Proprietário com curso superior completo ",27,null,{"v":40.298507462686565,"d":"40.3"}]
["Pessoa Jurídica",11,null,{"v":16.417910447761194,"d":"16.4"}]
["Proprietário residente na própria UPA ",6,null,{"v":8.955223880597014,"d":"9.0"}]
["Fonte: Secretaria de Agricultura e Abastecimento, CDRS/IEA, Projeto LUPA."]
[]
["TABELA 569.5 - Área Cultivada, Município de Serrana, Estado de São Paulo, 2016/17."]
["CULTURA","N.DE UPAs","MÍNIMO","MÉDIO","MÁXIMO","TOTAL"]
["Cana-de-acucar finalidade industria",61,{"v":1,"d":"1.0"},{"v":120.58,"d":"120.6"},{"v":1730.3,"d":"1,730.3"},{"v":7355.3,"d":"7,355.3"}]
["Braquiaria",17,{"v":1,"d":"1.0"},{"v":11.52,"d":"11.5"},{"v":35,"d":"35.0"},195.8]
["Cafe",2,8.6,{"v":74.05,"d":"74.1"},139.5,148.1]
["Coloniao",3,{"v":2,"d":"2.0"},{"v":30.57,"d":"30.6"},{"v":54,"d":"54.0"},91.7]
["Outras gramineas para pastagem",3,{"v":3,"d":"3.0"},{"v":30.07,"d":"30.1"},81.2,90.2]
["Milho safra",5,{"v":1,"d":"1.0"},{"v":14.78,"d":"14.8"},63.2,73.9]
["Eucalipto",6,0.6,{"v":9.47,"d":"9.5"},23.5,56.8]
["Soja",2,3.6,{"v":28,"d":"28.0"},52.4,{"v":56,"d":"56.0"}]
["Pinus",1,{"v":6,"d":"6.0"},{"v":6,"d":"6.0"},{"v":6,"d":"6.0"},{"v":6,"d":"6.0"}]
["Jilo",2,{"v":1,"d":"1.0"},{"v":1.55,"d":"1.6"},2.1,3.1]
["Alface",2,{"v":1,"d":"1.0"},1.5,{"v":2,"d":"2.0"},{"v":3,"d":"3.0"}]
["Palmito",1,{"v":3,"d":"3.0"},{"v":3,"d":"3.0"},{"v":3,"d":"3.0"},{"v":3,"d":"3.0"}]
["Couve (ou couve-crespa)",1,2.1,2.1,2.1,2.1]
["Gramas",1,1.2,1.2,1.2,1.2]
["Laranja-azeda",1,0.7,0.7,0.7,0.7]
["Couve-flor",1,0.5,0.5,0.5,0.5]
["Fonte: Secretaria de Agricultura e Abastecimento, CDRS/IEA, Projeto LUPA."]